000 00308nam a2200133Ia 4500
008 220613s9999||||xx |||||||||||||| ||und||
100 _aS L ZEICHNER
245 0 _aHAND BOOK OF PEDIATRIC H I V CARE
250 _a2ND
260 _bCOMBRIDGE UNI PRESS
300 _a871
650 _aPediatric
942 _cMEDI
999 _c8178
_d8178